000 00508nam a2200193 a 4500
001 1772447158511
003 YourLibrary
005 20260302160217.0
008 260302s2006##################000#0#eng##
020 _a9780199298488
082 0 4 _a327.174
_bSMA
100 1 _aSurvey, Small Arms,
_eauthor.
245 1 0 _aSmall Arms Survey 2006 :
260 _bOxford University Press, USA,
_c2006.
300 _a360 pages
650 0 _aHistory.
942 _cENGLISH
040 _aYourLibrary
_beng
_cYourLibrary
999 _c616539
_d616539